Statistics for Sherlock Holmes short stories

Click here to take the quiz!

General Stats

  • This quiz has been taken 40 times
  • The average score is 28 of 56

Answer Stats

The Adventures of Sherlock Holmes% Correct
A Scandal in Bohemia
81%
The Adventure of the FInal Problem
78%
The Adventure of the Blue Carbuncle
75%
The Red-Headed League
75%
Silver Blaze
72%
The Adventure of the Empty House
72%
The Adventure of the Six Napoleons
72%
The Adventure of the Speckled Band
72%
The Five Orange Pips
69%
The Adventure of the Three Garridebs
66%
The Adventure of the Copper Beeches
59%
The Adventure of the Musgrave Ritual
59%
The Adventure of the Yellow Face
59%
His Last Bow
56%
The Adventure of Charles Augustus Milverton
56%
The Adventure of the Bruce-Partington Plans
56%
The Adventure of the Dancing Men
56%
The Adventure of the Gloria Scott
56%
The Adventure of the Devil's Foot
53%
The Adventure of the Dying Detective
53%
The Adventure of the Sussex Vampire
53%
The Adventure of the Three Gables
53%
The Adventure of Wisteria Lodge
53%
The Adventure of the Cardboard Box
50%
The Adventure of the Cardboard Box
50%
The Adventure of the Engineer's Thumb
50%
The Adventure of the Greek Interpreter
50%
The Adventure of the Naval Treaty
50%
The Adventure of the Norwood Builder
50%
The Adventure of the Veiled Lodger
50%
The Adventure of the Crooked Man
47%
The Adventure of the Lion's Mane
47%
The Adventure of the Second Stain
47%
The Adventure of the Solitary Cyclist
47%
The Adventure of the Three Students
47%
The Boscombe Valley Mystey
47%
The Disappearance of Lady Frances Carfax
47%
The Man with the Twisted Lip
47%
The Problem of Thor Bridge
47%
The Adventure of Black Peter
44%
The Adventure of Shoscombe Old Place
44%
The Adventure of the Mazarin Stone
44%
The Adventure of the Missing Three-Quarter
44%
The Adventure of the Priory School
44%
A Case of Identity
41%
The Adventure of the Noble Bachelor
41%
The Adventure of the Red Circle
41%
The Adventure of the Retired Colourman
41%
The Adventure of the Beryl Coronet
38%
The Adventure of the Blanched Soldier
38%
The Adventure of the Illustrious Client
38%
The Adventure of the Resident Patient
34%
The Adventure of the Stockbroker's Clerk
34%
The Adventure of the Reigate Puzzle
19%
The Adventure of the Abbery Grange
13%
The Adventure of the Golden Prince-Nez
9%

Score Distribution

Percentile by Number Answered

Percent of People with Each Score

Your Score History

You have not taken this quiz